00481nam a22001577a 450000500170000001000150001702000260003203500130005803700130007108200100008410000230009424500530011726000460017027000820021630000250029820150608105101.0 aENG-112734 a9789350099285c350.00 aEN-96266 bDBAD/PUB a613.2 aSingh, Neelanjana  aOur kid eats everything / cby Neelanjana Singh  aGurgaon bHachette Book Publishing c2015 a4th & 5th Floors, Corporate Centre, Plot No.94, Sector-44, bGurgaon e122003 axvi,309p.c21cm(pbk)